000 00445nam a2200181Ia 4500
005 20230801100636.0
008 131103s9999 xx 000 0 und d
040 _aLoreto College
041 _aEnglish
082 _aF
_bDAH
100 _aDahl,Roald
245 4 _aThe collected short stories
_cRoald Dahl
260 _aNew Delhi
_bPenguin Books
_c1991
300 _a762 p.
650 _aFiction in English
850 _aLCLIB
942 _cBK
999 _c15580
_d66059